[Event "Hull CC-chB"]
[Site "Gatineau CAN"]
[Date "2009.05.05"]
[Round "4"]
[White "Lacourse, Guy"]
[Black "Chartrand, Jean Bruno"]
[Result "1-0"]
[WhiteElo "1614"]
[BlackElo "1986"]
[PlyCount "75"]
[GameId "2160767910157285"]
[EventDate "2009.04.14"]
[EventType "swiss"]
[EventRounds "5"]
[EventCountry "CAN"]
[SourceTitle "EXT 2011"]
[Source "ChessBase"]
[SourceDate "2011.11.26"]
[SourceVersion "1"]
[SourceVersionDate "2011.11.26"]
[SourceQuality "1"]

1. c4 Nf6 2. Nc3 g6 3. Nf3 Bg7 4. d4 d5 5. Qb3 dxc4 6. Qxc4 O-O 7. e4 Nc6 8. Be3 Bg4 9. O-O-O Nd7 10. h3 Bxf3 11. gxf3 Nb6 12. Qc5 Qd6 13. Nb5 Qxc5+ 14. dxc5 Na4 15. b3 Nc3 16. Nxc3 Bxc3 17. Bb5 Ne5 18. f4 a6 19. Be2 Nc6 20. Kc2 Bb4 21. Kb2 b6 22. cxb6 cxb6 23. Bxb6 Rfb8 24. Be3 a5 25. a3 Bd6 26. e5 Bc7 27. Bf3 Ra6 28. Rc1 Nxe5 29. fxe5 Bxe5+ 30. Ka2 a4 31. b4 Rd6 32. Rhd1 Rf6 33. Bd5 Rf5 34. h4 Bf6 35. Rc4 Rh5 36. Ba7 Rd8 37. Bxf7+ Kxf7 38. Rxd8 1-0

[Event "Hull CC-chB"]
[Site "Gatineau CAN"]
[Date "2009.05.05"]
[Round "4"]
[White "Lavergne, Daniel"]
[Black "Beland, Guy"]
[Result "1-0"]
[WhiteElo "1608"]
[BlackElo "1291"]
[PlyCount "91"]
[GameId "2160767910157286"]
[EventDate "2009.04.14"]
[EventType "swiss"]
[EventRounds "5"]
[EventCountry "CAN"]
[SourceTitle "EXT 2011"]
[Source "ChessBase"]
[SourceDate "2011.11.26"]
[SourceVersion "1"]
[SourceVersionDate "2011.11.26"]
[SourceQuality "1"]

1. d4 Nf6 2. c4 g6 3. Nc3 Bg7 4. e4 O-O 5. Nf3 d6 6. Be2 Bg4 7. Be3 Nbd7 8. Qc2 c6 9. O-O Rc8 10. Rad1 d5 11. e5 Ne4 12. Nxe4 Bf5 13. Bd3 dxe4 14. Bxe4 Bxe4 15. Qxe4 e6 16. Rd2 f5 17. exf6 Qxf6 18. Rfd1 Nb6 19. b3 Rce8 20. Qe5 Qf5 21. Qxf5 Rxf5 22. h3 h6 23. Nh4 Rf6 24. g3 g5 25. Ng2 Bf8 26. f4 Rg6 27. Kh2 Nd7 28. fxg5 hxg5 29. h4 gxh4 30. Nxh4 Rg4 31. Bf4 Be7 32. Nf3 Nf6 33. Ne5 Rg7 34. Re2 Rf8 35. Nd3 Rh7+ 36. Kg1 Rff7 37. Rxe6 Rfg7 38. Be5 Kf7 39. Nc5 Rg6 40. Bxf6 Rxf6 41. Rxf6+ Kxf6 42. Nxb7 Bb4 43. Nc5 Kf5 44. Rf1+ Kg4 45. Kg2 Bd2 46. Ne4 1-0

[Event "Hull CC-chB"]
[Site "Gatineau CAN"]
[Date "2009.05.05"]
[Round "4"]
[White "Lemieux, Richard"]
[Black "Pilon, Robert"]
[Result "1-0"]
[WhiteElo "1635"]
[BlackElo "1337"]
[PlyCount "67"]
[GameId "2160767910157287"]
[EventDate "2009.04.14"]
[EventType "swiss"]
[EventRounds "5"]
[EventCountry "CAN"]
[SourceTitle "EXT 2011"]
[Source "ChessBase"]
[SourceDate "2011.11.26"]
[SourceVersion "1"]
[SourceVersionDate "2011.11.26"]
[SourceQuality "1"]

1. c4 Nf6 2. b3 g6 3. Bb2 Bg7 4. e3 d6 5. d4 O-O 6. Nf3 Re8 7. Be2 b6 8. O-O Bb7 9. Nbd2 Nbd7 10. Qc2 e5 11. dxe5 Nxe5 12. Nxe5 dxe5 13. Rfd1 Qe7 14. Nf3 e4 15. Nd4 Rad8 16. Bf1 c5 17. Ne2 Ng4 18. Bxg7 Kxg7 19. h3 Nf6 20. Nf4 g5 21. Ne2 h6 22. g4 Rd3 23. Ng3 Qe5 24. Bxd3 exd3 25. Qxd3 Bf3 26. Nf5+ Kf8 27. Qd6+ Qxd6 28. Rxd6 Re6 29. Rd8+ Re8 30. Rxe8+ Kxe8 31. Nxh6 Ke7 32. Nf5+ Ke6 33. Ng3 Ke5 34. Rc1 1-0

[Event "Hull CC-chB"]
[Site "Gatineau CAN"]
[Date "2009.05.05"]
[Round "4"]
[White "Menard, Marc"]
[Black "Desjardins, Michel"]
[Result "0-1"]
[WhiteElo "1476"]
[BlackElo "1939"]
[PlyCount "88"]
[GameId "2160767910157288"]
[EventDate "2009.04.14"]
[EventType "swiss"]
[EventRounds "5"]
[EventCountry "CAN"]
[SourceTitle "EXT 2011"]
[Source "ChessBase"]
[SourceDate "2011.11.26"]
[SourceVersion "1"]
[SourceVersionDate "2011.11.26"]
[SourceQuality "1"]

1. e4 d5 2. exd5 Qxd5 3. Nc3 Qd6 4. d4 Nf6 5. Bb5+ c6 6. Bc4 Bg4 7. f3 Bh5 8. Nge2 e6 9. Bf4 Qb4 10. Bb3 Bg6 11. a3 Qa5 12. O-O Nbd7 13. Re1 Be7 14. Ng3 O-O 15. Qd2 Qb6 16. Rad1 Rfe8 17. Kh1 Nd5 18. Nxd5 cxd5 19. Ba4 Red8 20. b4 Qa6 21. Bxd7 Rxd7 22. Ra1 Qc4 23. Re2 Rc8 24. Rc1 Qa2 25. c3 Qxa3 26. Qb2 Qxb2 27. Rxb2 Bd6 28. Bxd6 Rxd6 29. Ra2 a6 30. Ra5 Rdc6 31. Rc5 Bd3 32. Ra1 f6 33. f4 b6 34. Rxc6 Rxc6 35. Ra3 e5 36. fxe5 fxe5 37. dxe5 d4 38. Kg1 dxc3 39. Ra1 c2 40. Rc1 Re6 41. Kf2 Rxe5 42. h4 h6 43. Kf3 Rb5 44. Ke3 Bh7 0-1

[Event "Hull CC-chB"]
[Site "Gatineau CAN"]
[Date "2009.05.05"]
[Round "4"]
[White "Scantland, Patrick"]
[Black "Berthiaume, Serge"]
[Result "1-0"]
[WhiteElo "1699"]
[BlackElo "1303"]
[PlyCount "95"]
[GameId "2160767910157289"]
[EventDate "2009.04.14"]
[EventType "swiss"]
[EventRounds "5"]
[EventCountry "CAN"]
[SourceTitle "EXT 2011"]
[Source "ChessBase"]
[SourceDate "2011.11.26"]
[SourceVersion "1"]
[SourceVersionDate "2011.11.26"]
[SourceQuality "1"]

1. e4 e6 2. d4 d5 3. Nd2 c5 4. c3 Nc6 5. exd5 Qxd5 6. Ndf3 cxd4 7. Nxd4 Nxd4 8. Qxd4 Qxd4 9. cxd4 Bb4+ 10. Bd2 Bxd2+ 11. Kxd2 Nf6 12. f3 O-O 13. Bc4 Bd7 14. Ne2 Bc6 15. Rhd1 Rad8 16. Ke3 Ne8 17. Nf4 Nd6 18. Bd3 Rfe8 19. Kf2 Nc8 20. Nh3 Nb6 21. Rac1 Nd5 22. a3 h6 23. Be4 Re7 24. Rc5 Rd6 25. Bxd5 Rxd5 26. Nf4 Rd6 27. b4 a6 28. Ne2 Red7 29. f4 b6 30. Re5 f6 31. Re3 Kf7 32. Red3 Bb5 33. R3d2 Bc4 34. Ke3 Kg6 35. g4 f5 36. h3 Kf6 37. Nc3 g5 38. fxg5+ Kxg5 39. Rf2 Rf7 40. Ne4+ fxe4 41. Rxf7 Bd5 42. Rc1 Bc6 43. Rc3 Bb5 44. Kxe4 Bc6+ 45. Ke5 Rd5+ 46. Kxe6 Rxd4 47. Rf5+ Kg6 48. Rxc6 1-0

[Event "Hull CC-chB"]
[Site "Gatineau CAN"]
[Date "2009.05.12"]
[Round "5"]
[White "Arsenault, Michel"]
[Black "Lemieux, Richard"]
[Result "1/2-1/2"]
[WhiteElo "1949"]
[BlackElo "1635"]
[PlyCount "87"]
[GameId "2160767910157292"]
[EventDate "2009.04.14"]
[EventType "swiss"]
[EventRounds "5"]
[EventCountry "CAN"]
[SourceTitle "EXT 2011"]
[Source "ChessBase"]
[SourceDate "2011.11.26"]
[SourceVersion "1"]
[SourceVersionDate "2011.11.26"]
[SourceQuality "1"]

1. e4 e5 2. Nf3 Nf6 3. d3 d5 4. Nbd2 Bg4 5. h3 Bxf3 6. Qxf3 d4 7. Be2 Be7 8. O-O O-O 9. Nc4 Nbd7 10. Qg3 Re8 11. f4 exf4 12. Bxf4 Bf8 13. a4 Nd5 14. Bh5 Nxf4 15. Qxf4 g6 16. Qxf7+ Kh8 17. Bg4 Ne5 18. Nxe5 Rxe5 19. Qc4 Re7 20. Rf3 Bh6 21. Raf1 Be3+ 22. Kh1 Qg8 23. Qb4 Rae8 24. Rg3 Rf7 25. Rxf7 Qxf7 26. Rf3 Qg8 27. Qxb7 h5 28. Bd7 Rf8 29. Qxc7 Rxf3 30. gxf3 Qf7 31. Qe5+ Kh7 32. Kg2 Qxd7 33. b3 Qc8 34. Qe7+ Kh6 35. h4 Qxc2+ 36. Kh3 Qc8+ 37. Kg3 Qb8+ 38. e5 Bd2 39. f4 Be1+ 40. Kh2 Qxb3 41. Qf8+ Kh7 42. Qe7+ Kg8 43. Qd8+ Kg7 44. Qf6+ 1/2-1/2

[Event "Hull CC-chB"]
[Site "Gatineau CAN"]
[Date "2009.05.12"]
[Round "5"]
[White "Arsenault, Yves"]
[Black "Levesque, Andre"]
[Result "1/2-1/2"]
[WhiteElo "1430"]
[BlackElo "1302"]
[PlyCount "111"]
[GameId "2160767910157293"]
[EventDate "2009.04.14"]
[EventType "swiss"]
[EventRounds "5"]
[EventCountry "CAN"]
[SourceTitle "EXT 2011"]
[Source "ChessBase"]
[SourceDate "2011.11.26"]
[SourceVersion "1"]
[SourceVersionDate "2011.11.26"]
[SourceQuality "1"]

1. e4 c5 2. Nf3 Nc6 3. d4 cxd4 4. Nxd4 g6 5. c3 Bg7 6. Be3 d6 7. Nd2 Nf6 8. Be2 O-O 9. O-O Ne5 10. f3 Nc6 11. N2b3 Bd7 12. Rc1 a6 13. Nxc6 bxc6 14. Nd2 Rb8 15. b3 a5 16. Qe1 e5 17. Nc4 Qc7 18. Qf2 c5 19. Rfd1 Ne8 20. Rd2 Bc6 21. Rcd1 Rd8 22. Nxe5 Bxe5 23. Rd3 f5 24. exf5 Rxf5 25. f4 Be4 26. Qg3 Bxd3 27. Bxd3 Bxf4 28. Bxf4 Rf6 29. Bg5 Qb6 30. Bc4+ Kg7 31. Bxf6+ Nxf6 32. Qf3 d5 33. Bxd5 c4+ 34. Kh1 Nxd5 35. Rxd5 cxb3 36. Rxd8 Qxd8 37. axb3 Qb6 38. Qd1 Qc6 39. Qd4+ Kf7 40. c4 Qb7 41. Qe3 Kf6 42. Kg1 Qb4 43. c5 a4 44. bxa4 Qxa4 45. Qc3+ Ke6 46. c6 Kd6 47. c7 Qa7+ 48. Kf1 Qxc7 49. Qxc7+ Kxc7 50. Kf2 Kd6 51. Kf3 Ke6 52. Kf4 Kf6 53. h4 h6 54. g4 g5+ 55. hxg5+ hxg5+ 56. Kg3 1/2-1/2

[Event "Hull CC-chB"]
[Site "Gatineau CAN"]
[Date "2009.05.12"]
[Round "5"]
[White "Berthiaume, Serge"]
[Black "Lavergne, Daniel"]
[Result "0-1"]
[WhiteElo "1303"]
[BlackElo "1608"]
[PlyCount "70"]
[GameId "2160767910157294"]
[EventDate "2009.04.14"]
[EventType "swiss"]
[EventRounds "5"]
[EventCountry "CAN"]
[SourceTitle "EXT 2011"]
[Source "ChessBase"]
[SourceDate "2011.11.26"]
[SourceVersion "1"]
[SourceVersionDate "2011.11.26"]
[SourceQuality "1"]

1. d4 Nf6 2. Nf3 b5 3. Bf4 Bb7 4. e3 a6 5. c4 bxc4 6. Bxc4 e6 7. a3 Ne4 8. Nbd2 Bd6 9. Bxd6 cxd6 10. Nxe4 Bxe4 11. O-O f5 12. Nd2 O-O 13. Nxe4 fxe4 14. d5 e5 15. Qg4 Qb6 16. Rab1 Ra7 17. Qxe4 a5 18. Bd3 g6 19. f4 Na6 20. Bxa6 Rxa6 21. fxe5 Qd8 22. Rxf8+ Qxf8 23. Rf1 Qg7 24. Qc4 Ra8 25. b4 Qxe5 26. e4 axb4 27. axb4 Re8 28. Re1 Rf8 29. b5 Qb2 30. Rf1 Ra8 31. h3 Rb8 32. Rf6 Qxf6 33. Qb4 Rf8 34. b6 Qf1+ 35. Kh2 Rf2 0-1

[Event "Hull CC-chB"]
[Site "Gatineau CAN"]
[Date "2009.05.12"]
[Round "5"]
[White "Desjardins, Michel"]
[Black "Groleau, Gilles"]
[Result "1/2-1/2"]
[WhiteElo "1939"]
[BlackElo "1885"]
[PlyCount "94"]
[GameId "2160767910157295"]
[EventDate "2009.04.14"]
[EventType "swiss"]
[EventRounds "5"]
[EventCountry "CAN"]
[SourceTitle "EXT 2011"]
[Source "ChessBase"]
[SourceDate "2011.11.26"]
[SourceVersion "1"]
[SourceVersionDate "2011.11.26"]
[SourceQuality "1"]

1. e4 c5 2. Nc3 e6 3. Nf3 Nc6 4. g3 d5 5. exd5 exd5 6. Bg2 d4 7. Qe2+ Be6 8. Ne4 d3 9. cxd3 Nb4 10. O-O Qxd3 11. Qxd3 Nxd3 12. Ne1 O-O-O 13. Nxd3 Rxd3 14. b3 Nf6 15. Nxf6 gxf6 16. Bb2 Be7 17. Bc3 h6 18. Rfe1 Rhd8 19. Re3 Rxe3 20. dxe3 b6 21. Bf3 Kc7 22. Rd1 Rxd1+ 23. Bxd1 c4 24. Kf1 cxb3 25. Bxb3 Kc6 26. Ke2 a5 27. Kd3 Bd8 28. e4 b5 29. Bxe6 fxe6 30. g4 f5 31. exf5 exf5 32. gxf5 Kd5 33. f4 Bc7 34. f6 Ke6 35. Be5 Bd8 36. Kd4 Bb6+ 37. Ke4 a4 38. f5+ Kf7 39. Kd5 Be3 40. Bc3 h5 41. a3 h4 42. h3 Bc1 43. Kc5 Bxa3+ 44. Kxb5 Bc1 45. Kxa4 Bg5 46. Kb3 Bxf6 47. Be1 Bg5 1/2-1/2

[Event "Hull CC-chB"]
[Site "Gatineau CAN"]
[Date "2009.05.12"]
[Round "5"]
[White "Jani, Louis"]
[Black "Beland, Guy"]
[Result "1/2-1/2"]
[WhiteElo "1435"]
[BlackElo "1291"]
[PlyCount "50"]
[GameId "2160767910157296"]
[EventDate "2009.04.14"]
[EventType "swiss"]
[EventRounds "5"]
[EventCountry "CAN"]
[SourceTitle "EXT 2011"]
[Source "ChessBase"]
[SourceDate "2011.11.26"]
[SourceVersion "1"]
[SourceVersionDate "2011.11.26"]
[SourceQuality "1"]

1. e4 e5 2. Nf3 Nc6 3. Bc4 Bc5 4. c3 d6 5. d4 exd4 6. cxd4 Bb6 7. Ng5 Nh6 8. Nf3 Na5 9. Be2 Qf6 10. Nc3 c6 11. b4 d5 12. bxa5 Bxa5 13. Bd2 Bxc3 14. Bxc3 dxe4 15. Ne5 O-O 16. O-O Be6 17. Qc2 Bd5 18. Nd7 Qh4 19. Nxf8 Rxf8 20. Bb4 Re8 21. Bd2 Nf5 22. Be3 Re6 23. Bc4 Rg6 24. Bxd5 Rxg2+ 25. Kxg2 Qg4+ 1/2-1/2

[Event "Hull CC-chB"]
[Site "Gatineau CAN"]
[Date "2009.05.12"]
[Round "5"]
[White "Jiang, Qizhe"]
[Black "Beriault, Silvain"]
[Result "0-1"]
[WhiteElo "1046"]
[BlackElo "1699"]
[PlyCount "72"]
[GameId "2160767910157297"]
[EventDate "2009.04.14"]
[EventType "swiss"]
[EventRounds "5"]
[EventCountry "CAN"]
[SourceTitle "EXT 2011"]
[Source "ChessBase"]
[SourceDate "2011.11.26"]
[SourceVersion "1"]
[SourceVersionDate "2011.11.26"]
[SourceQuality "1"]

1. e4 d6 2. d4 g6 3. Nf3 Bg7 4. c4 Nf6 5. Nc3 Nbd7 6. Be3 O-O 7. h3 e5 8. d5 Ne8 9. Bd2 f5 10. Ng5 Nc5 11. exf5 Bxf5 12. g4 Bh6 13. h4 Bd7 14. Be2 Qf6 15. O-O Bxg5 16. hxg5 Qf7 17. f3 a5 18. Ne4 Nxe4 19. fxe4 Qe7 20. Rf3 Rxf3 21. Bxf3 b6 22. b3 c5 23. Qe2 Nc7 24. a4 Rf8 25. Rf1 Rf7 26. Be3 Qf8 27. Kg2 Na6 28. Bd2 Nb4 29. Bxb4 axb4 30. Qe1 Rf4 31. Qe2 Qd8 32. Kf2 Bxg4 33. Ke1 Bxf3 34. Rxf3 Qxg5 35. Qe3 Qh4+ 36. Ke2 Rxe4 0-1

[Event "Hull CC-chB"]
[Site "Gatineau CAN"]
[Date "2009.05.12"]
[Round "5"]
[White "Libersan, Mattieu"]
[Black "Lacourse, Guy"]
[Result "0-1"]
[WhiteElo "1872"]
[BlackElo "1614"]
[PlyCount "84"]
[GameId "2160767910157299"]
[EventDate "2009.04.14"]
[EventType "swiss"]
[EventRounds "5"]
[EventCountry "CAN"]
[SourceTitle "EXT 2011"]
[Source "ChessBase"]
[SourceDate "2011.11.26"]
[SourceVersion "1"]
[SourceVersionDate "2011.11.26"]
[SourceQuality "1"]

1. e4 c5 2. Nf3 e6 3. d4 cxd4 4. Nxd4 Nf6 5. Nc3 Bb4 6. Be2 Nxe4 7. O-O Nxc3 8. bxc3 Bxc3 9. Ba3 Bxa1 10. Qxa1 d6 11. Nb5 O-O 12. Bxd6 Na6 13. Rd1 Qe8 14. Qd4 e5 15. Bxe5 f6 16. Bc4+ Be6 17. Nd6 Qd7 18. Qg4 Nc7 19. Nb5 Kh8 20. Nxc7 Bxg4 21. Rxd7 Bxd7 22. Bd6 Rac8 23. Bxf8 Rxf8 24. Bb3 Rc8 25. Nd5 Rc5 26. Ne3 b5 27. Kf1 a5 28. Ke1 a4 29. Bd5 b4 30. Kd2 Bb5 31. g3 g6 32. f4 Kg7 33. Bf3 Rc8 34. Nd5 Rd8 35. Ke3 Rc8 36. Nxb4 Rc3+ 37. Nd3 Rxc2 38. a3 Rc3 39. Be2 Rxa3 40. Kd4 Bxd3 41. Bxd3 Ra2 42. Bb5 a3 0-1

[Event "Hull CC-chB"]
[Site "Gatineau CAN"]
[Date "2009.05.12"]
[Round "5"]
[White "MacIsaac, Alexandre"]
[Black "Berthiaume, Patrick"]
[Result "1-0"]
[WhiteElo "1488"]
[BlackElo "1172"]
[PlyCount "61"]
[GameId "2160767910157300"]
[EventDate "2009.04.14"]
[EventType "swiss"]
[EventRounds "5"]
[EventCountry "CAN"]
[SourceTitle "EXT 2011"]
[Source "ChessBase"]
[SourceDate "2011.11.26"]
[SourceVersion "1"]
[SourceVersionDate "2011.11.26"]
[SourceQuality "1"]

1. e4 e6 2. d4 d5 3. exd5 exd5 4. c4 c6 5. Nc3 Nf6 6. Bg5 Be7 7. Qb3 dxc4 8. Bxc4 O-O 9. O-O-O h6 10. Bh4 Qd6 11. Bg3 Qb4 12. d5 Qxb3 13. Bxb3 cxd5 14. Nxd5 Nxd5 15. Bxd5 Rd8 16. Nf3 Bg4 17. Bxb7 Nd7 18. Bxa8 Rc8+ 19. Kb1 Bf5+ 20. Ka1 Bf6 21. Nd4 Bc2 22. Nxc2 Rxc2 23. Rb1 Nb6 24. Be4 Re2 25. Bf3 Rc2 26. Rhe1 Nc4 27. Re2 Nxb2 28. Rxc2 Nc4+ 29. Rbb2 Nxb2 30. Rxb2 Kf8 31. Kb1 1-0

[Event "Hull CC-chB"]
[Site "Gatineau CAN"]
[Date "2009.05.12"]
[Round "5"]
[White "Menard, Marc"]
[Black "Thibault, David"]
[Result "0-1"]
[WhiteElo "1476"]
[BlackElo "1632"]
[PlyCount "106"]
[GameId "2160767910157301"]
[EventDate "2009.04.14"]
[EventType "swiss"]
[EventRounds "5"]
[EventCountry "CAN"]
[SourceTitle "EXT 2011"]
[Source "ChessBase"]
[SourceDate "2011.11.26"]
[SourceVersion "1"]
[SourceVersionDate "2011.11.26"]
[SourceQuality "1"]

1. e4 e5 2. Nf3 Nc6 3. Bb5 Bc5 4. O-O Nge7 5. Nxe5 Bxf2+ 6. Rxf2 Nxe5 7. d4 N5g6 8. c4 O-O 9. Nc3 d6 10. Be3 f5 11. c5 fxe4 12. cxd6 Qxd6 13. Nxe4 Qe6 14. Qb3 Qxb3 15. axb3 Be6 16. Bc4 Bd5 17. Raf1 b5 18. Bxd5+ Nxd5 19. Bd2 Rxf2 20. Rxf2 Nge7 21. Nc3 c6 22. Bf4 Rd8 23. Be5 Ng6 24. g3 b4 25. Na4 Ne3 26. h3 Nxe5 27. dxe5 Re8 28. Rd2 Nd5 29. Re2 Nf6 30. Nc5 Kf7 31. e6+ Ke7 32. Rd2 Rd8 33. Rxd8 Kxd8 34. Kf2 Ke7 35. Kf3 Kd6 36. Nd3 Nd5 37. Nf4 Nxf4 38. Kxf4 Kxe6 39. Kg5 Ke5 40. h4 Ke4 41. h5 Ke5 42. g4 a5 43. Kh4 c5 44. h6 g6 45. Kg5 c4 46. bxc4 a4 47. c5 a3 48. c6 Kd6 49. Kf6 axb2 50. Kg7 b1=Q 51. Kxh7 Qe4 52. Kg7 Qxg4 53. h7 Qh5 0-1

[Event "Hull CC-chB"]
[Site "Gatineau CAN"]
[Date "2009.05.12"]
[Round "5"]
[White "Rainey, Ivan"]
[Black "Pilon, Robert"]
[Result "0-1"]
[WhiteElo "1437"]
[BlackElo "1337"]
[PlyCount "108"]
[GameId "2160767910157302"]
[EventDate "2009.04.14"]
[EventType "swiss"]
[EventRounds "5"]
[EventCountry "CAN"]
[SourceTitle "EXT 2011"]
[Source "ChessBase"]
[SourceDate "2011.11.26"]
[SourceVersion "1"]
[SourceVersionDate "2011.11.26"]
[SourceQuality "1"]

1. d4 Nf6 2. c4 e5 3. dxe5 Ne4 4. Nf3 Nc6 5. Qb3 Bb4+ 6. Bd2 Nxd2 7. Nbxd2 Qe7 8. O-O-O Nxe5 9. Nxe5 Bxd2+ 10. Rxd2 Qxe5 11. Qf3 O-O 12. e3 c6 13. Rd4 Qa5 14. Bd3 g6 15. Qf4 d5 16. Qh6 f5 17. Rh4 Rf7 18. g4 Qc7 19. gxf5 Bxf5 20. Bxf5 Rxf5 21. Rg1 Qf7 22. h3 Qg7 23. Qxg7+ Kxg7 24. cxd5 cxd5 25. Rd4 Rc8+ 26. Kd1 Rxf2 27. Rxd5 Rc7 28. e4 Rxb2 29. Re1 Rb1+ 30. Ke2 Rxe1+ 31. Kxe1 Kf6 32. Rd2 Ke5 33. Re2 Rc4 34. Rb2 Rxe4+ 35. Kd2 b6 36. Rb3 Rd4+ 37. Kc2 g5 38. Re3+ Kf6 39. Ra3 a5 40. Rb3 Rc4+ 41. Kd3 Rc6 42. Kd4 h5 43. Kd5 Re6 44. Rf3+ Ke7 45. Rf5 Rd6+ 46. Kc4 Rc6+ 47. Kb5 Rc5+ 48. Rxc5 bxc5 49. Kxc5 g4 50. Kb5 g3 51. Kxa5 g2 52. a4 g1=Q 53. Kb5 Qa7 54. a5 Kd6 0-1

[Event "Hull CC-chB"]
[Site "Gatineau CAN"]
[Date "2009.05.12"]
[Round "5"]
[White "Van Dusen, Eric"]
[Black "Scantland, Patrick"]
[Result "0-1"]
[WhiteElo "1830"]
[BlackElo "1699"]
[PlyCount "108"]
[GameId "2160767910157303"]
[EventDate "2009.04.14"]
[EventType "swiss"]
[EventRounds "5"]
[EventCountry "CAN"]
[SourceTitle "EXT 2011"]
[Source "ChessBase"]
[SourceDate "2011.11.26"]
[SourceVersion "1"]
[SourceVersionDate "2011.11.26"]
[SourceQuality "1"]

1. d4 e6 2. c4 Nf6 3. Nf3 d5 4. cxd5 exd5 5. Bg5 c6 6. Nc3 h6 7. Bh4 Bf5 8. e3 Be7 9. Be2 Nbd7 10. O-O Ne4 11. Bxe7 Qxe7 12. Rc1 Ndf6 13. Ne5 Nxc3 14. bxc3 O-O 15. c4 dxc4 16. Bxc4 Be6 17. Qb3 Bxc4 18. Rxc4 Rac8 19. Rb1 Rc7 20. g3 Rfc8 21. Rb4 b6 22. Ng6 Qe4 23. Ne5 c5 24. f3 Qd5 25. Rc4 cxd4 26. Rxc7 Rxc7 27. Qxd5 Nxd5 28. exd4 Rc2 29. a4 Nc3 30. Rb4 Ra2 31. Rc4 Nd5 32. Rc8+ Kh7 33. Rd8 Ne3 34. Nxf7 Re2 35. f4 Rg2+ 36. Kh1 Rd2 37. h4 Rd1+ 38. Kh2 Rd2+ 39. Kh3 Rd1 40. Kh2 Rd2+ 41. Kh3 g6 42. Ne5 Rd1 43. Rd7+ Kg8 44. g4 Rd2 45. Nxg6 Nf1 46. Rd8+ Kg7 47. Rd7+ Kxg6 48. f5+ Kf6 49. g5+ hxg5 50. hxg5+ Kxg5 51. Rg7+ Kf4 52. Rg4+ Kxf5 53. Rg2 Rxg2 54. Kxg2 Ke4 0-1

[Event "Hull CC-chB"]
[Site "Gatineau CAN"]
[Date "2009.05.12"]
[Round "5"]
[White "Wright, William"]
[Black "Dagenais, Benoit"]
[Result "1-0"]
[WhiteElo "1092"]
[BlackElo "1138"]
[PlyCount "74"]
[GameId "2160767910157304"]
[EventDate "2009.04.14"]
[EventType "swiss"]
[EventRounds "5"]
[EventCountry "CAN"]
[SourceTitle "EXT 2011"]
[Source "ChessBase"]
[SourceDate "2011.11.26"]
[SourceVersion "1"]
[SourceVersionDate "2011.11.26"]
[SourceQuality "1"]

1. d4 c5 2. d5 Nf6 3. Nf3 d6 4. e3 a6 5. Bd3 Nxd5 6. O-O Nf6 7. Bc4 b5 8. Bd5 Ra7 9. Ne5 dxe5 10. Bxf7+ Kxf7 11. Qxd8 Nfd7 12. Qa5 b4 13. Qa4 Nb6 14. Qb3+ e6 15. c3 a5 16. cxb4 cxb4 17. Nc3 a4 18. Nxa4 Nxa4 19. Bd2 Nc6 20. e4 Be7 21. Rac1 Nd4 22. Qe3 Nxb2 23. Rxc8 Rxc8 24. f4 Ra3 25. fxe5+ Nf5 26. Qe2 Rc2 27. exf5 Bc5+ 28. Kh1 Rxa2 29. fxe6+ Kxe6 30. Qg4+ Kxe5 31. Qf5+ Kd6 32. Qxc2 Bf2 33. Bxb4+ Kd7 34. Qxf2 Nd3 35. Qd4+ Kc6 36. Qxd3 g5 37. Qc4+ Kb6 1-0

[Event "Jeudi"]
[Site "Montreal CAN"]
[Date "2009.05.14"]
[Round "1"]
[White "Gates, Claude-Eric"]
[Black "Morin, Louis"]
[Result "1/2-1/2"]
[WhiteElo "1548"]
[BlackElo "1897"]
[PlyCount "71"]
[GameId "2160767910156810"]
[EventDate "2009.05.14"]
[EventType "tourn (rapid)"]
[EventRounds "3"]
[EventCountry "CAN"]

1. c4 e5 2. g3 d5 3. Bg2 Nf6 4. cxd5 c6 5. dxc6 Nxc6 6. Nc3 Bc5 7. d3 O-O 8. Nf3 Qe7 9. O-O h6 10. a3 Rd8 11. Qc2 Bf5 12. b4 Bb6 13. Bb2 Rac8 14. Qb1 Nd4 15. Nxd4 exd4 16. Na4 Qxe2 17. Re1 Qxd3 18. Qxd3 Bxd3 19. Nxb6 axb6 20. Red1 Rc2 21. Rxd3 Rxb2 22. h3 Rd7 23. Rad1 Ra2 24. Bf3 Kf8 25. Rxd4 Rxd4 26. Rxd4 Rxa3 27. Bxb7 Ke7 28. Kg2 Ra7 29. Bf3 Rd7 30. Rc4 Nd5 31. Rg4 g6 32. h4 Ke6 33. Rd4 Ke5 34. Re4+ Kd6 35. Rd4 Ke5 36. Re4+ 1/2-1/2

[Event "Jeudi"]
[Site "Montreal CAN"]
[Date "2009.05.14"]
[Round "2"]
[White "Pregent, Daniel"]
[Black "Morin, Louis"]
[Result "0-1"]
[WhiteElo "1758"]
[BlackElo "1897"]
[PlyCount "38"]
[GameId "2160767910156811"]
[EventDate "2009.05.14"]
[EventType "tourn (rapid)"]
[EventRounds "3"]
[EventCountry "CAN"]

1. d4 e5 2. dxe5 Nc6 3. Nf3 Qe7 4. e4 Nxe5 5. Nc3 c6 6. Be2 Nf6 7. Nxe5 Qxe5 8. f4 Qa5 9. O-O Bc5+ 10. Kh1 O-O 11. e5 Ne8 12. Ne4 d5 13. exd6 Bf5 14. Nxc5 Qxc5 15. d7 Nf6 16. c3 Rad8 17. Qb3 Rxd7 18. c4 Re8 19. Bf3 Qf2 0-1

[Event "Kingston Canadian Forces"]
[Site "Kingston CAN"]
[Date "2009.11.28"]
[Round "2"]
[White "Bellemare, Regis"]
[Black "Lebrun, Roger"]
[Result "1/2-1/2"]
[WhiteElo "1639"]
[BlackElo "1965"]
[PlyCount "71"]
[GameId "2160767910030075"]
[EventDate "2009.11.28"]
[EventType "match"]
[EventRounds "4"]
[EventCountry "CAN"]
[SourceTitle "EXT 2011"]
[Source "ChessBase"]
[SourceDate "2011.11.26"]
[SourceVersion "1"]
[SourceVersionDate "2011.11.26"]
[SourceQuality "1"]

1. e4 c5 2. Nc3 d6 3. g3 Nc6 4. Bg2 g6 5. Nf3 Bg7 6. d3 e5 7. O-O Nge7 8. Kh1 a6 9. Ng1 O-O 10. f4 b5 11. fxe5 dxe5 12. Nd5 Nxd5 13. exd5 Nd4 14. c4 Rb8 15. Nf3 Bg4 16. Qd2 Bxf3 17. Bxf3 bxc4 18. dxc4 f5 19. Rb1 a5 20. b3 e4 21. Bg2 Qc7 22. Bb2 Rb7 23. Bc3 Rb4 24. Bxb4 axb4 25. Rbe1 h5 26. Qc1 Ra8 27. Rf2 Ra3 28. Qg5 Kh7 29. h3 Qa7 30. g4 hxg4 31. hxg4 Rxa2 32. Rxa2 Qxa2 33. Qh4+ Kg8 34. Qd8+ Kh7 35. Qh4+ Kg8 36. Qd8+ 1/2-1/2